Movies Quiz

Random Movies or Actor Quiz
Score 0/36 Timer 06:00
2 Plays Today
% Correct
Robert De Niro
93.7%
John Travolta
92.9%
Robert Downey Jr.
91.4%
Jack Black
90.7%
Kevin Bacon
87.3%
Jack Nicholson
86.4%
Jennifer Lawrence
86.3%
Jennifer Aniston
85.6%
Sean Penn
84.2%
Michael J. Fox
83.6%
Sean Connery
83.2%
Kevin Costner
82.9%
Jessica Alba
81.9%
Kevin Spacey
81.9%
Jennifer Garner
76.5%
Michael Douglas
75%
Robert Pattinson
74.9%
Paul Rudd
74.3%
% Correct
Jessica Simpson
74.1%
Paul Newman
73.2%
Paul Walker
69.3%
Michael Cera
63.9%
John Cusack
62.6%
John Cleese
62.4%
Michael Caine
61%
Jennifer Love Hewitt
59.4%
Kevin Kline
57.5%
Sean Astin
56.7%
Jack Lemmon
53.2%
Sean Bean
52.7%
Robert Duvall
52.3%
John Malkovich
50.8%
Jessica Biel
50.7%
Paul Giamatti
48.8%
Jessica Tandy
48.7%
Jack Palance
38%
Remove Ads.
Support Sporcle.
Get the best of Sporcle when you Go Orange. This ad-free experience offers more features, more stats, and more fun while also helping to support Sporcle. Thank you for becoming a member.

You're not logged in!

Compare scores with friends on all Sporcle quizzes.
OR
Log In

Show Comments

Extras

Top Quizzes Today


Score Distribution

Your Account Isn't Verified!

In order to create a playlist on Sporcle, you need to verify the email address you used during registration. Go to your Sporcle Settings to finish the process.

Report this User

Report this user for behavior that violates our Community Guidelines.

Details: